| 000 | 00506nam a22001697a 4500 | ||
|---|---|---|---|
| 003 | OSt | ||
| 005 | 20140310182501.0 | ||
| 008 | 130221t xxu||||| |||| 00| 0 eng d | ||
| 020 | _a9788184489057 | ||
| 050 |
_aRG 527.5 _b.B575 2010 |
||
| 100 |
_aBhargava, Satish K. _98676 |
||
| 245 |
_aPrinciples and practice of ultrasonography / _cSatish K. Bhargava. |
||
| 260 |
_aNew Delhi : _b Jaypee Brothers Medical Pub., _cc2002. |
||
| 300 |
_a536 p. : _c25 cm. _bill. ; |
||
| 942 |
_2lcc _cSSLC |
||
| 999 |
_c13811 _d13811 |
||